Hindi: (Record no. 76070)

MARC details
000 -LEADER
fixed length control field 00919cam a22002891 4500
001 - CONTROL NUMBER
control field sa 67006610
003 - CONTROL NUMBER IDENTIFIER
control field DLC
005 - DATE AND TIME OF LATEST TRANSACTION
control field 20260227112409.0
008 - FIXED-LENGTH DATA ELEMENTS--GENERAL INFORMATION
fixed length control field 790809s1965 ii 000 0 eng
010 ## - LIBRARY OF CONGRESS CONTROL NUMBER
LC control number sa 67006610
025 ## - OVERSEAS ACQUISITION NUMBER
Overseas acquisition number PL480: I-E-6471
035 ## - SYSTEM CONTROL NUMBER
System control number (OCoLC)5255703
040 ## - CATALOGING SOURCE
Original cataloging agency DLC
Transcribing agency NIC
Modifying agency DLC
041 0# - LANGUAGE CODE
Language code of text/sound track or separate title enghin
042 ## - AUTHENTICATION CODE
Authentication code premarc
050 00 - LIBRARY OF CONGRESS CALL NUMBER
Classification number PK1933
Item number .F28
100 1# - MAIN ENTRY--PERSONAL NAME
Personal name Fairbanks, Gordon H.
245 10 - TITLE STATEMENT
Title Hindi:
Remainder of title a spoken approach,
Statement of responsibility, etc. by G. H. Fairbanks & P. B. Pandit.
250 ## - EDITION STATEMENT
Edition statement [1st ed.]
260 ## - PUBLICATION, DISTRIBUTION, ETC.
Place of publication, distribution, etc. Poona,
Name of publisher, distributor, etc. Deccan College Postgraduate and Research Institute
Date of publication, distribution, etc. [1965]
300 ## - PHYSICAL DESCRIPTION
Extent viii, 84 p.
Dimensions 22 cm.
490 1# - SERIES STATEMENT
Series statement Deccan College building centenary and silver jubilee series,
Volume/sequential designation 37
500 ## - GENERAL NOTE
General note English or Hindi.
650 #0 - SUBJECT ADDED ENTRY--TOPICAL TERM
Topical term or geographic name entry element Hindi language
General subdivision Grammar.
700 1# - ADDED ENTRY--PERSONAL NAME
Personal name Pandit, Prabodh Bechardas.
830 #0 - SERIES ADDED ENTRY--UNIFORM TITLE
Uniform title Deccan College building centenary and silver jubilee series ;
Volume/sequential designation 37.

No items available.

Powered by Koha